000 00295nam a22001337a 4500
008 170829b xxu||||| |||| 00| 0 eng d
020 _a9781580650632
041 _aeng
080 _22ND
_a070
100 _a39
101 _aMED
245 _aWRITING SHORT FILMS
_cCOWGILL,L.J
942 _2udc
_cBK
999 _c25373
_d25373